000 00777cam a2200241 a 4500
001 000010093
003 OSt
005 20200930103501.0
008 850709s1980 ve 000 d spa
040 _aDO-SdBNP
_bspa
_cBNPHU
082 _aVe862.44
_bC545a
100 1 _aChocrón, Isaac,
_d1932-
_925078
245 1 0 _aAlfabeto para analfabetos :
_bcomedia en dos partes /
_cIsaac Chocrón.
260 _aCaracas, Venezuela :
_bFundarte,
_c1980.
300 _a70 p. ;
_c21 cm.
490 1 _aCuaderno de difusión
_v51
590 _aInventariado, 2020 / DG
650 4 _aTeatro venezolano
_923074
650 4 _aLiteratura venezolana
_93816
710 2 _aFundación para la Cultura y las Artes del Distrito Federal
_925079
910 _aInventariado, 2020 / DG
942 _2ddc
_cLF1
999 _c9852
_d9852